| 000 | 01369nam a2200325Ia 4500 | ||
|---|---|---|---|
| 001 | A6558 | ||
| 003 | IT-RoPAU | ||
| 008 | 130308s9999 xx 000 0 und d | ||
| 040 | _aIT-RoPAU | ||
| 040 | _cIT-RoPAU | ||
| 041 | _aITALIANO | ||
| 100 | _aAA.VV. | ||
| 100 | _gCodice Aut. SPICS: 12000 | ||
| 245 | _aComunicazione nella storia (La)-5-Lo sviluppo del pensiero e leForme del comunicare | ||
| 245 | _bComunicazione nella storia (La)-5-Lo Sviluppo del pensiero e le forme del Comunicare | ||
| 250 | _a1a ed. | ||
| 260 | _aTORINO | ||
| 260 | _bSeat - Stet | ||
| 260 | _c1993 [1° Ed.:1993 - Ed.Ling.Originale:1993] | ||
| 300 | _a"264 p. (prefazione: 8; testo: 256 [pagine: 0-0])" | ||
| 500 | _a"Tomo Secondo del Secondo Volume della collana ""La Comunicazione nella Storia"". Sviluppo del pensiero e Forma del comunicare nel Rinascimento e nell'Età dei Lumi. tomo Formato da Due Saggi: I. Di Peter Burke Sulla Costruzione dell'uomo Nuovo nel Rinascimento; 2. Di Pierre Fougeyrollas Sulla conquista dei Diritti dell'uomo nell'Età dei Lumi. indice Analitico dei Nomi e dei luoghi dei Quali si Tratta nel testo ." | ||
| 650 | _aSTORIA DELLA COMUNICAZIONE SOCIALE | ||
| 650 | _eCodice materia Spics: 3808 | ||
| 700 | _aLorenzini Amleto | ||
| 700 | _gCodice Aut. SPICS: 14657 | ||
| 942 | _cBK | ||
| 957 | _71 | ||
| 999 |
_c67846 _d67846 |
||
| 999 | _bSI | ||
| 999 | _g1 | ||